000 00356nam a2200145Ia 4500
008 210719s1952 xx 000 0 und d
041 _aeng
082 _a428 HERB
100 _aHERZBERG (Max J) and others
245 _aBetter english.
260 _aBoston.
_bGinn and Company.,
_c1952
300 _ax,435
_bHB
365 _cRs
650 _aEnglish Usage
999 _c212849
_d212849